=LDR 00000nam 2200000 4500 =001 INLIS000000000031914 =005 20130612133944 =008 ***********************************ind** =035 ##$$0010-061300000031914 =041 ##$$a ind =082 ##$$a 372.3 =090 ##$$a 372.3, War s =100 ##$$a WARDINI =245 ##$$a Seri pengetahuan anak burung, WARDSNI ; edior, Ayuk =260 ##$$a 2007 $b Makassar =300 ##$$a 48 hlm, illus, 30 cm =650 ##$$a PENDIDIKAN DASAR SAIN =700 ##$$a AYUK =850 ##$$a NBPNMAT =990 ##$$a 07340734